[Event "Challenge"]
[Site "http://www.queenalice.com/game.php?id=487897"]
[Date "2008.11.4"]
[Round "-"]
[White "chefesquash"]
[Black "fferraz"]
[Result "1-0"]
[WhiteElo "1255"]
[BlackElo "1412"]

1. e4 d5 2. e5 h5 3. d4 Rh6 4. Bxh6 gxh6 5. Qxh5 Nc6 6. Nf3 Nb4 7. Na3 Qd7 8. c4
dxc4 9. Bxc4 e6 10. O-O b6 11. Bb3 Nd3 12. Nc4 Ba6 13. Rab1 b5 14. Ncd2 Nf4 15.
Qg4 Ne2+ 16. Kh1 f5 17. Qg6+ Qf7 18. Qxe6+ Qxe6 19. Bxe6 h5 20. Bxg8 Bh6 21.
Rfe1 Nxd4 22. Nxd4 Bxd2 23. Re2 Bf4 24. Rd1 b4 25. Ree1 Ke7 26. Nxf5+ Kf8 27.
Bb3 Bb7 28. Rd4 Bg5 29. Red1 h4 30. f4 h3 31. fxg5 Bxg2+ 32. Kg1 Re8 33. Rd7 Bc6
34. Rf7+ Kg8 35. Rxc7+ Kf8 36. Rxc6 Rxe5 37. Rd8+ Re8 38. Rf6# 1-0

[Event "Challenge"]
[Site "http://www.queenalice.com/game.php?id=487899"]
[Date "2008.11.4"]
[Round "-"]
[White "chefesquash"]
[Black "hooligan"]
[Result "1-0"]
[WhiteElo "1230"]
[BlackElo "1455"]

1. e4 e5 2. Bc4 Nf6 3. d3 g6 4. Bg5 d6 5. Qf3 Be7 6. Bh6 c6 7. Bg7 Rg8 8. Bxf6
Bxf6 9. Nc3 b5 10. Bb3 a5 11. a4 b4 12. Nce2 h5 13. Nh3 Bg4 14. Qe3 g5 15. Bc4
d5 16. exd5 cxd5 17. Bb5+ Kf8 18. b3 Qc8 19. O-O-O d4 20. Qe4 Ra7 21. Nhg1 Qc5
22. f3 Rc7 23. Bc4 Nd7 24. fxg4 Nb6 25. g3 h4 26. gxh4 gxh4 27. Qf5 Nxc4 28.
dxc4 Bg5+ 29. Kb1 Be3 30. Nf3 Bf4 31. Nxh4 d3 32. Nxf4 Qf2 33. Ne6+ Ke8 34. Qxf2
Rc6 35. Rxd3 Rxe6 36. Rhd1 f6 37. Rd8+ Kf7 38. Qc5 Kg7 39. Rxg8+ Kxg8 40. Rd7
Re8 41. Qc7 Rf8 42. Rh7 e4 43. Qg7# 1-0

[Event "Challenge"]
[Site "http://www.queenalice.com/game.php?id=487902"]
[Date "2008.11.4"]
[Round "-"]
[White "chefesquash"]
[Black "RuCam"]
[Result "0-1"]
[WhiteElo "1236"]
[BlackElo "1689"]

1. e4 e5 2. d4 exd4 3. Qxd4 Nc6 4. Qe3 d6 5. Bb5 Bd7 6. Bc4 Nf6 7. Ne2 Ne5 8.
Bb3 Nfg4 9. Qg3 c6 10. h3 Nf6 11. Bg5 Be7 12. f4 Nxe4 13. Bxe7 Nxg3 14. Nxg3
Qxe7 0-1

[Event "Challenge"]
[Site "http://www.queenalice.com/game.php?id=487905"]
[Date "2008.11.4"]
[Round "-"]
[White "chefesquash"]
[Black "alvarogoulart"]
[Result "1-0"]
[WhiteElo "1296"]
[BlackElo "1838"]

1. e4 e5 2. Bc4 Nf6 3. d3 Bc5 4. Nf3 Ng4 5. O-O d6 6. h3 Nxf2 7. Rxf2 Bxf2+ 8.
Kxf2 h6 9. Be3 Nc6 10. c3 Qf6 11. Nd2 Na5 12. Bb3 Nxb3 13. axb3 b6 14. b4 Bb7
15. Qa4+ c6 16. c4 a5 17. Qb3 axb4 18. Rxa8+ Bxa8 19. Bxb6 c5 20. Qa4+ Ke7 21.
Qa7+ Ke6 22. Qa6 Qe7 23. Bxc5 Rd8 24. Bxb4 Bb7 25. Qb5 f6 26. Nh4 Qf7 27. Nf5
Qc7 28. d4 Bc6 29. d5+ Bxd5 30. cxd5+ Kf7 31. Nc4 Kg8 32. Bxd6 Qa7+ 33. Bc5 Qa1
34. Qb7 Qxb2+ 35. Nxb2 Rb8 36. Qxg7# 1-0

[Event "Challenge"]
[Site "http://www.queenalice.com/game.php?id=487906"]
[Date "2008.11.4"]
[Round "-"]
[White "alvarogoulart"]
[Black "chefesquash"]
[Result "1-0"]
[WhiteElo "1805"]
[BlackElo "1234"]

1. e4 e5 2. Nf3 d6 3. Bc4 h6 4. d3 Nf6 5. Nc3 Bg4 6. h3 Bxf3 7. Qxf3 Nc6 8. Nd5
Be7 9. Be3 O-O 10. a3 a6 11. b4 b5 12. Bb3 Nd7 13. Rd1 Bg5 14. Bxg5 Qxg5 15.
Nxc7 Ra7 16. Nd5 Qd8 17. c3 a5 18. d4 axb4 19. axb4 Ra3 20. Bc2 Nxd4 21. Qd3
Nxc2+ 22. Kf1 Ra1 23. Rxa1 Nxa1 24. Qb1 Qa8 25. Ke2 f5 26. Qxa1 Qc6 27. Ne7+ 1-0

[Event "AUTO-OPEN-1326"]
[Site "http://www.queenalice.com/game.php?id=488144"]
[Date "2008.11.5"]
[Round "1"]
[White "lele_leandro"]
[Black "chefesquash"]
[Result "0-1"]
[WhiteElo "1081"]
[BlackElo "1333"]

1. e4 e5 2. Nf3 d6 3. Nc3 g6 4. d3 Bg4 5. Be2 Bg7 6. O-O Bxf3 7. Bxf3 Nc6 8. Be3
Nge7 9. Nd5 O-O 10. c4 Nxd5 11. exd5 Ne7 12. d4 exd4 13. Bxd4 Nf5 14. Bxg7 Nxg7
0-1

[Event "AUTO-OPEN-1326"]
[Site "http://www.queenalice.com/game.php?id=488145"]
[Date "2008.11.5"]
[Round "1"]
[White "chefesquash"]
[Black "lele_leandro"]
[Result "1-0"]
[WhiteElo "1326"]
[BlackElo "1100"]

1. e4 e6 2. e5 d5 3. d4 c5 4. f3 Nc6 5. c3 Bd7 6. f4 Qb6 7. Nf3 Nge7 8. Qb3 Qxb3
9. axb3 O-O-O 10. Bb5 g6 11. Bxc6 Nxc6 12. Ng5 Be8 13. Be3 Bg7 14. O-O h6 15.
Nf3 1-0

[Event "AUTO-OPEN-1326"]
[Site "http://www.queenalice.com/game.php?id=488166"]
[Date "2008.11.5"]
[Round "1"]
[White "kasparosaure"]
[Black "chefesquash"]
[Result "1-0"]
[WhiteElo "1966"]
[BlackElo "1337"]

1. d4 d5 2. Nf3 Nc6 3. c3 g6 4. Bg5 Bg7 5. Nbd2 f6 6. Bh4 e6 7. e3 Nge7 8. Bd3
O-O 9. O-O e5 10. dxe5 fxe5 11. Bc2 Bg4 12. h3 Bxf3 13. Nxf3 e4 14. Ng5 Qd6 15.
Bg3 Ne5 16. h4 Nf5 17. Bxe5 Qxe5 18. g3 Rf7 19. Nxf7 Kxf7 20. Qg4 Bf6 21. Rad1
h5 22. Qf4 Qxf4 23. exf4 c6 24. Rfe1 a5 25. a4 Ra6 26. Rd2 Rb6 27. Bd1 Ra6 28.
Be2 Ra8 29. Rc1 Ne7 30. Bd1 b5 31. axb5 cxb5 32. Bb3 Ke6 33. Re1 a4 34. Rxe4+
Kd6 35. Rxe7 Kxe7 36. Bxd5 Rd8 37. Re2+ Kd6 38. Re6+ Kxd5 39. Rxf6 Kc4 40. Rxg6
Kb3 41. Rb6 Kc4 42. Kf1 Rd5 43. Ke2 Kb3 44. f3 Kxb2 45. g4 hxg4 46. fxg4 a3 47.
c4 Rc5 48. cxb5 a2 49. Ra6 Rxb5 50. h5 a1=Q 51. Rxa1 Kxa1 52. h6 Rb2+ 53. Ke3
Rb3+ 54. Ke4 Rh3 55. g5 Kb2 56. Kf5 1-0

[Event "AUTO-OPEN-1326"]
[Site "http://www.queenalice.com/game.php?id=488167"]
[Date "2008.11.5"]
[Round "1"]
[White "chefesquash"]
[Black "kasparosaure"]
[Result "0-1"]
[WhiteElo "1339"]
[BlackElo "2000"]

1. e4 Nf6 2. e5 Nd5 3. d4 d6 4. Nf3 g6 5. Ng5 Bg7 6. Bc4 e6 7. Bxd5 exd5 8. Nc3
dxe5 9. Qf3 O-O 10. dxe5 Be6 11. O-O Nc6 12. Nxe6 fxe6 13. Qg4 Qd7 14. f4 Nd4
15. Rf2 c5 16. Be3 Rac8 17. Rd1 Nf5 18. Bc1 b5 19. b3 a6 20. a4 b4 21. Ne2 a5
22. c3 Rfd8 23. c4 d4 24. Ng3 Nxg3 25. hxg3 Qc6 26. Qh3 Rc7 27. g4 Rcd7 28. Qd3
Rf7 29. Re1 Rdf8 30. Ref1 Qb7 31. Bd2 Qe7 32. g3 Bh8 33. Qe4 Qb7 34. Qxb7 Rxb7
35. f5 Bxe5 36. fxg6 Rxf2 37. Rxf2 hxg6 38. Kg2 Rf7 39. Rxf7 Kxf7 40. Kf3 Kf6
41. g5+ Ke7 42. g4 Bh2 43. Ke4 Kd6 44. Bf4+ Bxf4 45. Kxf4 e5+ 46. Ke4 Ke6 47.
Kf3 d3 48. Ke3 e4 49. Kd2 Ke5 50. Ke3 d2 51. Kxd2 Kd4 0-1

[Event "AUTO-OPEN-1326"]
[Site "http://www.queenalice.com/game.php?id=488178"]
[Date "2008.11.5"]
[Round "1"]
[White "Pato"]
[Black "chefesquash"]
[Result "1-0"]
[WhiteElo "2150"]
[BlackElo "1238"]

1. e4 e5 2. d4 Nc6 3. c3 d6 4. Bc4 Nf6 5. Bg5 h6 6. Bh4 Be7 7. f3 O-O 8. Ne2 Nh5
9. Bf2 a6 10. g4 Nf4 11. Nxf4 exf4 12. Nd2 Bh4 13. Qe2 Na5 14. Bd3 Re8 15. O-O-O
d5 16. Qe1 f5 17. Bxh4 g5 18. gxf5 gxh4 19. e5 Rf8 20. f6 Be6 21. Qxh4 Rf7 22.
Qxh6 Rh7 23. Rhg1+ 1-0

[Event "AUTO-OPEN-1326"]
[Site "http://www.queenalice.com/game.php?id=488179"]
[Date "2008.11.5"]
[Round "1"]
[White "chefesquash"]
[Black "Pato"]
[Result "0-1"]
[WhiteElo "1232"]
[BlackElo "2190"]

1. e4 Nc6 2. d4 e5 3. d5 Nce7 4. Nf3 Ng6 5. c4 Bc5 6. Bd3 Nf6 7. Bg5 d6 8. Nc3
h6 9. Bxf6 Qxf6 10. Ne2 O-O 11. O-O Bg4 12. Ng3 Bxf3 13. Qxf3 Qxf3 14. gxf3 Nf4
15. Bc2 g6 16. a3 a5 17. Rfb1 h5 18. Ra2 Nh3+ 19. Kf1 Bxf2 20. Kg2 Bxg3 21. Kxh3
Bf4 22. b4 axb4 23. Rxb4 b6 24. Ba4 Kg7 25. Bc6 Ra5 26. a4 g5 27. Bd7 Kg6 28.
Rb5 Raa8 29. a5 bxa5 30. Rbxa5 Rxa5 31. Rxa5 Be3 32. Kg3 Rb8 33. Rb5 Ra8 34. Rb3
Bf4+ 35. Kh3 Ra2 36. Bf5+ Kf6 37. Rb2 Rxb2 0-1